[Event "16th Delhi GM Open 2018"]
[Site "Delhi"]
[Date "2018.01.16"]
[Round "10"]
[White "Tran, Tuan Minh"]
[Black "Gukesh D"]
[Result "1/2-1/2"]
[WhiteElo "2548"]
[BlackElo "2354"]
[Annotator "TA"]
[PlyCount "161"]
[EventDate "2018.??.??"]
[EventType "swiss"]
[EventCountry "IND"]
[SourceTitle "playchess.com"]
[Source "ChessBase"]
[SourceQuality "1"]

{[%evp 12,161,63,5,31,27,37,34,37,40,40,27,26,21,35,16,17,25,22,13,21,11,11,7,3,0,11,12,40,9,22,0,68,0,42,24,26,0,7,1,39,0,0,0,0,-7,-25,-12,0,-12,8,4,36,19,43,14,123,-11,23,21,0,0,46,12,52,0,0,-11,0,0,0,-33,-32,-42,0,10,34,0,0,0,3,0,0,0,0,0,0,0,0,-49,-22,-91,-68,-54,0,-87,0,-69,-32,-57,0,-52,0,-50,-18,-35,0,0,0,0,16,0,7,0,0,-8,-8,-29,0,-8,0,-8,0,-8,-8,-22,-8,-8,-8,-8,0,0,5,0,0,0,0,0,0,0,0,0,8,8,8,8,8,8,8,8,8,-8]} 1. d4 d5 2. c4 c6 3. Nf3 Nf6 4. Qc2 e6 5. Bg5 Nbd7 6. Nbd2 Qa5 {D30: Queen's Gambit Declined: Systems without Nc3} 7. g3 {LiveBook: 3 Games} (7. e3 $14) 7... h6 8. Bxf6 Nxf6 {White has an edge.} 9. Bg2 Be7 10. O-O O-O 11. Rfc1 $146 ({Predecessor:} 11. Ne5 Rd8 12. a3 Qc7 13. Nd3 a5 14. Rac1 {0-1 (66) Dreev,A (2643)-Duda,J (2591) Jerusalem 2015}) 11... Bd7 12. Ne5 Rfd8 13. a3 Be8 14. b4 Qc7 15. e3 a5 16. Qb2 axb4 17. axb4 dxc4 18. Ndxc4 Nd5 19. Nd3 Nb6 20. Nce5 Nd5 21. Nc5 Nf6 (21... Rxa1 $11 22. Rxa1 b6) 22. Ncd3 (22. Ra5 $14) 22... Qb6 23. Rab1 Ra7 24. Bf1 Nd5 25. Nc5 Rda8 26. Bc4 Qd8 27. Qd2 b6 28. Ncd3 f6 29. Nf3 Bh5 30. Nfe1 Bg6 31. b5 c5 32. dxc5 bxc5 33. Qe2 (33. e4 $5 Bxe4 34. Qe2 $11) 33... Ra3 (33... Bf7 $11) 34. Rb3 ({White should play} 34. e4 $16 Nc3 35. Bxe6+ Kh8 {[#]} 36. Rxc3 $1 {[%mdl 512]} Rxc3 37. Nf4) 34... Bf7 35. Rxa3 Rxa3 36. Qb2 Ra8 37. Qb3 Qd6 38. Nf4 (38. Rd1 $14) 38... g5 $11 39. Ne2 Nb6 40. Rd1 Qe5 41. Nf3 Qf5 42. Nd2 Rd8 (42... Nxc4 $15 43. Qxc4 e5) 43. Nc3 Qg4 44. f3 Qf5 45. Kg2 Qe5 46. e4 Rd4 47. Ne2 Rd8 48. Nc3 Kg7 49. Be2 Qc7 50. Bc4 h5 51. Nf1 (51. Na4 $11 {remains equal.}) 51... Rd4 52. Ne3 Rd8 (52... h4 $15) 53. Nf1 ({But not} 53. Bxe6 $2 c4 $19) (53. Na4 $11 {keeps the balance.}) 53... Rd4 54. Ne3 Qd6 55. Kf2 Qc7 56. Kg2 ({Not} 56. Bxe6 $2 c4 $19) 56... Qd6 57. Kf2 Rxd1 (57... Qd7 {is more complex.} 58. Be2 Qd8 59. Kg2 Bd6 60. Qc2 Qc7) 58. Qxd1 Qxd1 (58... Qd4 {feels hotter.} 59. Qb3 Nxc4 60. Qxc4 Qd2+ 61. Ne2 Qb2) 59. Ncxd1 Bd6 60. Nc3 Be7 61. Ncd1 Bd6 62. Bd3 Be8 63. Ke2 Bc7 64. Kf2 Bd6 65. Ke2 {The position is equal.} Bc7 66. Nc3 Be5 67. Kd2 h4 68. Ne2 hxg3 69. hxg3 Bc7 70. f4 gxf4 (70... Kf7 {looks sharper.} 71. Kc2 Ke7 72. Kc3 gxf4 73. gxf4 Bf7) 71. gxf4 c4 72. Nxc4 Bxb5 73. Nxb6 Bxd3 74. Kxd3 {[#] aiming for Nc4.} Bxb6 {[%mdl 4096] Endgame KB-KN} 75. Kc4 Be3 76. Kb5 Kg6 77. Kc6 Kh5 78. Kd6 Kg4 79. Kxe6 Bxf4 80. Kxf6 Bc7 81. Nf4 {Precision: White = 40%, Black = 37%.} 1/2-1/2

[Event "16th Delhi GM Open 2018"]
[Site "Delhi"]
[Date "2018.01.16"]
[Round "10"]
[White "Vaibhav, Suri"]
[Black "Dhulipalla Bala Chandra Prasa"]
[Result "1-0"]
[WhiteElo "2542"]
[BlackElo "2313"]
[Annotator "TA"]
[PlyCount "87"]
[EventDate "2018.??.??"]
[EventType "swiss"]
[EventCountry "IND"]
[SourceTitle "playchess.com"]
[Source "ChessBase"]
[SourceQuality "1"]

{[%evp 35,87,10,20,19,23,10,26,42,35,37,74,70,75,60,73,59,70,56,97,74,125,111,110,70,70,70,77,76,115,88,108,107,118,118,116,114,120,114,313,291,328,313,483,371,372,375,764,799,786,782,1267,1209,1180,1103]} 1. e4 e5 2. Nf3 Nc6 3. Bb5 a6 4. Ba4 Nf6 5. O-O Be7 6. Re1 b5 7. Bb3 d6 8. c3 O-O 9. h3 Nb8 10. d4 Nbd7 11. Nbd2 Bb7 12. Bc2 Re8 13. Nf1 Bf8 14. Ng3 g6 15. b3 Bg7 16. d5 Rc8 {C95: Closed Ruy Lopez: Breyer Variation with 10 d4} 17. c4 c6 18. Bg5 h6 {LiveBook: 8 Games. The position is equal.} 19. Bd2 a5 20. Be3 {[#]} Qc7 $146 ({Predecessor:} 20... Ba6 21. Qd2 Kh7 22. dxc6 Rxc6 23. cxb5 Bxb5 24. Rac1 {1-0 (41) Harikrishna,P (2743)-Gonzalez Vidal,Y (2543) Tbilisi 2017}) 21. Rc1 bxc4 22. bxc4 Nc5 23. Bxc5 dxc5 24. Nd2 Nd7 25. Re3 h5 26. Ra3 Nb6 27. Rb1 {[#] Hoping for Rab3.} Ra8 (27... Rb8 $142) 28. Rab3 Ra6 29. Ngf1 Bc8 30. Ne3 Bh6 31. Qe2 $36 {[%mdl 2048] Black is under strong pressure.} Kg7 32. dxc6 {[#] Black must now prevent Nd5.} Bxe3 33. Qxe3 Re6 34. Qc3 Rxc6 35. Nf1 Be6 36. Ne3 Nd7 $2 (36... Na4 $16 37. Qd3 Rcb6) 37. Rb7 Qd8 38. f4 f6 (38... Nf6 {might work better.} 39. fxe5 Nd7) 39. fxe5 fxe5 40. Ba4 Qg5 $2 (40... Rcb6 41. Bxd7 (41. R1xb6 Rxb6 42. Qxe5+ Kh6 $18) 41... Rxb1+ 42. Rxb1 Qxd7 43. Qxe5+ Kh7) 41. Bxc6 $18 {White is clearly winning.} Rxc6 42. Rd1 Kh6 43. Rbxd7 Bxd7 44. Rxd7 {Precision: White = 73%, Black = 33%.} 1-0

[Event "16th Delhi GM Open 2018"]
[Site "Delhi"]
[Date "2018.01.16"]
[Round "10"]
[White "Karthikeyan, P.."]
[Black "Sammed Jaykumar, Shete"]
[Result "*"]
[WhiteElo "2497"]
[BlackElo "2337"]
[Annotator "TA"]
[PlyCount "36"]
[EventDate "2018.??.??"]
[EventType "swiss"]
[EventCountry "IND"]
[SourceTitle "playchess.com"]
[Source "ChessBase"]
[SourceQuality "1"]

{[%evp 22,36,60,68,100,95,102,65,137,131,151,143,148,41,177,-62,137]} 1. d4 Nf6 2. c4 g6 3. g3 Bg7 4. Bg2 O-O 5. Nc3 d6 6. Nf3 Nbd7 7. O-O e5 8. Qc2 Re8 9. Rd1 c6 10. e4 Qb6 11. h3 {E68: King's Indian: Fianchetto: 6...Nbd7 7 0-0 e5 8 e4} exd4 12. Nxd4 {LiveBook: 14 Games} Ne5 {[#]} (12... Nc5 13. Be3 Qc7 14. b4 Ne6 15. Nb3 Nd7 16. Rac1 Ne5 17. Ne2 f6 18. f4 Nf7 19. Nc3 Qe7 20. Qf2 b6 21. a4 Nc7 {1-0 (39) Delchev,A (2591)-Movsziszian,K (2534) Tarragona 2007}) 13. b3 $1 {White is better.} a6 $146 ({Predecessor:} 13... Nh5 14. Be3 Qa5 15. Rd2 a6 16. Rad1 c5 17. Nde2 Bxh3 18. Bxh3 {1-0 (27) Simek,P (2395)-Splichal,P (2005) Pardubice 2015}) 14. Bb2 c5 (14... Qa7 $14) 15. Nde2 $16 Qc7 16. f4 Nc6 17. a3 ({White should try} 17. Qd2 $16) 17... Qb6 (17... Rb8 $1 $14) 18. Qd2 $2 {[#]} ({White should play} 18. Rxd6 $18 Nd4 19. Rxb6 Nxc2 20. Rc1) 18... Qa5 $2 {Precision: White = 24%, Black = 24%.} (18... Qxb3 $15 {stays ahead.} 19. Rab1 Nd4 20. Nxd4 cxd4 21. Qxd4 Ng4 22. Qxd6 Bxc3 23. Bxc3 Qxc3 24. hxg4 Bxg4) *

[Event "16th Delhi GM Open 2018"]
[Site "Delhi"]
[Date "2018.01.16"]
[Round "10"]
[White "Horvath, Adam"]
[Black "Akash Pc, Iyer"]
[Result "1-0"]
[WhiteElo "2484"]
[BlackElo "2415"]
[Annotator "TA"]
[PlyCount "65"]
[EventDate "2018.??.??"]
[EventType "swiss"]
[EventCountry "IND"]
[SourceTitle "playchess.com"]
[Source "ChessBase"]
[SourceQuality "1"]

{[%evp 22,65,54,24,100,99,104,113,90,120,172,159,166,172,175,178,165,142,188,183,190,165,255,317,339,314,429,421,408,393,418,418,607,619,631,639,920,974,955,913,897,622,658,419,29966,5781]} 1. e4 c5 2. Nf3 d6 3. d4 cxd4 4. Nxd4 Nf6 5. Nc3 Nc6 6. Bg5 e6 7. Qd2 a6 8. O-O-O Bd7 9. f3 Qc7 10. Kb1 Be7 11. h4 h6 {B67: Sicilian: Richter-Rauzer: 7...a6 8 0-0-0 Bd7, lines without 9 f4 Be7} 12. Be3 {LiveBook: 30 Games} Na5 (12... h5 $11 {keeps the balance.}) (12... h5 13. Nxc6 bxc6 14. Bf4 e5 15. Bg5 Be6 16. Bxf6 gxf6 17. f4 Rb8 18. f5 Qb7 19. b3 {½-½ (49) Efimenko,Z (2689)-Korobov,A (2678) Kiev 2012}) 13. g4 $16 b5 {Black wants to play ...b4.White is better.} 14. Bd3 Nc4 15. Bxc4 $1 bxc4 $146 (15... Qxc4 $16 16. g5 hxg5) ({Predecessor:} 15... Qxc4 16. Rhg1 O-O-O 17. Nb3 Qc7 18. Qd3 {1-0 (89) Pancevski,F (2366)-Stojanovic,M (2164) Belgrade 2008}) 16. g5 $18 Nh5 17. gxh6 gxh6 18. Rhg1 Rb8 19. Ka1 Qb7 {[%csl Gb8][%cal Rb7b2] [#]} 20. Rb1 $1 Bf8 21. Nde2 Qc6 (21... Nf6 {is a better defense.} 22. Qd4 e5 23. Qxc4 Be6 24. Qa4+ Bd7) 22. f4 Be7 23. f5 Nf6 24. fxe6 fxe6 25. Nd4 Qb7 26. Bxh6 Nxe4 (26... e5 $142 27. Nf5 Bxf5) 27. Qe3 Nc5 {If Black can now play ...e5 this consolidates a bit.} 28. Bg5 Rf8 29. Bxe7 Kxe7 30. Qg5+ Ke8 31. Qh6 Qb6 32. Nf3 Qd8 (32... Bb5 $18 33. Nd4 Rb7) 33. Qh5+ {Precision: White = 93%, Black = 18%.} 1-0

[Event "16th Delhi GM Open 2018"]
[Site "Delhi"]
[Date "2018.01.16"]
[Round "10"]
[White "Vignesh N R"]
[Black "Mohammad Nubairshah Shaikh"]
[Result "0-1"]
[WhiteElo "2470"]
[BlackElo "2380"]
[Annotator "TA"]
[PlyCount "72"]
[EventDate "2018.??.??"]
[EventType "swiss"]
[EventCountry "IND"]
[SourceTitle "playchess.com"]
[Source "ChessBase"]
[SourceQuality "1"]

{[%evp 24,72,25,0,0,-7,0,0,11,0,14,-33,-15,-33,-24,-60,-69,-87,-87,-139,-133,-184,-143,-169,-162,-125,-88,-261,-253,-298,-307,-295,-306,-301,-296,-295,-314,-314,-303,-306,-285,-378,-364,-800,-824,-1114,-1045,-1050,-1054,-985,-985]} 1. e4 c6 2. d4 d5 3. Nc3 dxe4 4. Nxe4 Bf5 5. Ng3 Bg6 6. h4 h6 7. Nf3 e6 8. h5 Bh7 9. Bd3 Bxd3 10. Qxd3 Nf6 11. Bd2 Be7 {B19: Classical Caro-Kann: 4...Bf5 main line} 12. O-O-O c5 13. Be3 {LiveBook: 3 Games} Qa5 {The position is equal.} 14. Kb1 O-O 15. Ne4 {[%cal Re4c5]} Rd8 16. Nxf6+ Bxf6 17. Qe4 {[#]} Nc6 $146 ({Predecessor:} 17... Na6 18. g4 cxd4 19. Bxd4 {½-½ (50) Rafiee,M (2327)-Ni,H (2691) Karlsruhe 2016}) 18. dxc5 Qb5 {[%csl Gf6][%cal Rb5b2] [#]} 19. Bc1 Qxc5 20. Rxd8+ Rxd8 21. g4 (21. Qe3 $142 Qf5 22. a3) 21... Qxf2 $17 22. g5 (22. Qe3 $17 Qg3 23. g5 hxg5 24. Nxg5 Qxe3 25. Bxe3) 22... Nd4 23. Nxd4 Rxd4 ({And not} 23... Qxd4 24. Qxd4 Bxd4 25. gxh6 $11) 24. Qxb7 Bxg5 25. Qb5 $2 {[#]} (25. Qxa7 $17 Qf3 26. Re1) 25... Rd5 $40 {[%mdl 128] Black wants a kill.} 26. Qc4 Qf3 27. Qf1 Qxf1 28. Rxf1 Bxc1 29. Rxc1 Rxh5 {[%mdl 4096] Endgame KR-KR} 30. c4 Kf8 31. Kc2 Ke7 32. Rd1 g5 {[%cal Bg7g5,Bg5g4][%mdl 32]} 33. c5 $2 (33. b4) 33... g4 {Black is clearly winning.} 34. b4 Rd5 35. Rg1 h5 36. Kc3 f5 {Precision: White = 24%, Black = 72%.} 0-1

[Event "16th Delhi GM Open 2018"]
[Site "Delhi"]
[Date "2018.01.16"]
[Round "10"]
[White "Khusenkhojaev, Muhammad"]
[Black "Deviatkin, Andrei"]
[Result "1/2-1/2"]
[WhiteElo "2462"]
[BlackElo "2471"]
[Annotator "TA"]
[PlyCount "46"]
[EventDate "2018.??.??"]
[EventType "swiss"]
[EventCountry "IND"]
[SourceTitle "playchess.com"]
[Source "ChessBase"]
[SourceQuality "1"]

{[%evp 17,46,2,0,-3,14,0,0,0,0,-15,-4,-27,-31,-31,0,-31,-26,-29,0,0,0,0,0,0,0,0,0,-3,0,0,14]} 1. Nf3 Nf6 2. c4 g6 3. d4 Bg7 4. g3 b6 5. Bg2 Bb7 6. O-O O-O 7. Nc3 Ne4 8. Qc2 Nxc3 {A50: Queen's Fianchetto Defence (1 d4 Nf6 2 c4 b6)} 9. Qxc3 (9. bxc3 c5 10. d5 d6 11. e4 Nd7 12. Nd2 Re8 13. Re1 Qc7 14. Nf1 Ba6 15. Ne3 Ne5 16. Qe2 Rab8 17. a4 e6 18. f4 Nd7 {0-1 (49) Halkias,S (2571)-Akobian,V (2647) Riadh 2017}) 9... d6 {LiveBook: 4 Games} 10. Qc2 Nd7 11. e4 $146 ({Find the theoretical novelty and annotate with similar games:} 11. Rd1 Qc8 12. Be3 e5 13. dxe5 Nxe5 14. Nxe5 Bxg2 15. Nxg6 hxg6 16. Kxg2 {1-0 (41) Gruskovnjak,T (2387)-Sardy,P (2360) Hungary 2012}) 11... e5 12. d5 a5 13. Rb1 Nc5 14. b3 Bc8 15. Nd2 Bh6 16. a3 f5 17. exf5 Bxd2 ({Of course not} 17... gxf5 18. b4 $14) 18. Qxd2 {The position is equal.} Bxf5 19. Rb2 Qd7 20. b4 axb4 21. axb4 Nd3 22. Rb3 e4 23. Bb2 Ra2 {Precision: White = 58%, Black = 66%.} 1/2-1/2

[Event "16th Delhi GM Open 2018"]
[Site "Delhi"]
[Date "2018.01.16"]
[Round "10"]
[White "Czebe, Attila"]
[Black "Sengupta, Deep"]
[Result "1-0"]
[WhiteElo "2458"]
[BlackElo "2586"]
[Annotator "TA"]
[PlyCount "85"]
[EventDate "2018.??.??"]
[EventType "swiss"]
[EventCountry "IND"]
[SourceTitle "playchess.com"]
[Source "ChessBase"]
[SourceQuality "1"]

{[%evp 17,85,0,0,0,4,4,31,27,20,22,37,37,29,33,55,58,60,42,43,45,57,76,103,105,110,110,112,100,103,57,89,96,133,127,150,137,145,135,196,193,172,164,498,498,497,497,407,433,407,368,395,388,544,518,2007,1964,2007,1977,1979,2008,1874,1698,1913,1806,1202,1106,1829,1744,1467,1550]} 1. Nf3 d5 2. g3 Nf6 3. Bg2 c5 4. O-O Nc6 5. d4 e6 6. c4 dxc4 7. Ne5 Bd7 8. Na3 cxd4 9. Naxc4 Be7 10. e3 $146 {E04: Open Catalan: 5 Nf3} ({Predecessor:} 10. Bf4 Nd5 11. Nxd7 Nxf4 12. Bxc6 bxc6 13. Nde5 Ng6 14. Nxc6 Qd5 15. N4a5 Bf6 16. Qb3 Qxb3 17. Nxb3 d3 18. exd3 Bxb2 {½-½ (110) Yu,Y (2751)-Harikrishna,P (2744) Huaian 2017}) 10... O-O 11. exd4 Nd5 12. Ne3 {White is slightly better.} Nxe3 13. Bxe3 Be8 14. Rc1 Nxe5 15. dxe5 {Hoping for Qxd8.} Bb5 16. Qxd8 Raxd8 17. Rfd1 $36 {[%mdl 2048] White is pushing.} b6 18. Bf1 Bxf1 19. Kxf1 f6 20. Rxd8 Bxd8 $16 {[%mdl 4096] Endgame KRB-KRB} 21. Rc8 fxe5 22. Ra8 a5 23. Rc8 {[%mdl 1024] White has strong compensation.} Kf7 24. Ke2 b5 25. Rb8 b4 26. Kd3 $1 Re8 {[#]} 27. b3 $1 h6 {[#]} (27... Kf8 $16 {is a better defense.}) 28. Kc4 $1 $18 e4 29. Kb5 Bf6 $2 (29... h5 {is tougher.} 30. Bb6 Bxb6 31. Rxe8 Bxf2) 30. Rxe8 Kxe8 31. Kxa5 {KB-KB} Bc3 32. Kb5 Kd7 33. Kc4 Be1 34. Kd4 Kd6 (34... h5 $142 35. Kxe4 Kd6) 35. Kxe4 {White is clearly winning.} e5 (35... h5 $142 36. Kd4 g5 37. Bxg5 Bxf2+ 38. Kc4 Be1) 36. g4 Ke6 37. h4 {[%cal Bh2h4,Bh4h5][%mdl 32]} Bc3 38. h5 Be1 39. f3 Kd6 40. Ba7 Ke6 41. Bb8 Bg3 42. Bc7 Kf6 43. Ba5 {Precision: White = 95%, Black = 43%.} 1-0

[Event "16th Delhi GM Open 2018"]
[Site "Delhi"]
[Date "2018.01.16"]
[Round "10"]
[White "Sidhant, Mohapatra"]
[Black "Gupta, Abhijeet"]
[Result "0-1"]
[WhiteElo "2382"]
[BlackElo "2610"]
[Annotator "TA"]
[PlyCount "92"]
[EventDate "2018.??.??"]
[EventType "swiss"]
[EventCountry "IND"]
[SourceTitle "playchess.com"]
[Source "ChessBase"]
[SourceQuality "1"]

{[%evp 14,92,33,14,31,28,28,25,30,8,22,8,8,0,-4,0,4,0,11,0,0,0,0,0,12,7,12,10,12,0,0,-33,-8,-6,-16,-15,-21,-20,-9,-30,-30,-30,-30,-30,-30,-30,-30,-30,-17,-57,-54,-56,-28,-59,-39,-100,-39,-76,-64,-67,0,0,0,0,0,-69,-62,-62,-39,-69,-81,-92,-92,-92,-91,-164,-75,-115,-115,-1073,-1043]} 1. e4 c5 2. Nf3 d6 3. Bb5+ Nd7 4. O-O a6 5. Bd3 Ngf6 6. Re1 g6 7. c3 Bg7 8. Bf1 Ne5 {B50: Sicilian: 2...d6, Miscellaneous} 9. Nxe5 dxe5 10. a4 O-O {White has an edge.} 11. Na3 Be6 $146 ({Predecessor:} 11... b6 12. Nc4 Nd7 {1-0 (37) Yu,Y (2725)-Chen,Q (2223) Shenzhen 2016}) 12. Bc4 Bd7 13. Qb3 Qc7 14. d3 Rab8 {And now ...b5! would win.} 15. Be3 Ne8 16. Bg5 Bf6 17. Bh6 Bg7 18. Bg5 Bc8 19. Qc2 Nd6 20. Ba2 b5 21. axb5 axb5 22. c4 h6 23. Be3 b4 {[#]} 24. Nb5 $1 {[%mdl 512]} Qb6 (24... Nxb5 25. cxb5) 25. Bb3 Be6 26. Nxd6 (26. f3 {looks sharper.} Rfd8 27. Ba4 Ra8 28. Qe2 Nb7 29. b3) 26... exd6 27. Qd2 Kh7 28. Ra2 Ra8 29. Rea1 Rxa2 30. Rxa2 f5 {[%cal Bf7f5,Bf5f4][%mdl 32]} 31. f3 f4 32. Bf2 g5 33. Bd1 h5 34. b3 (34. Qc2 $15) 34... g4 ({Black should try} 34... Qb7 $17) 35. Ra1 Qd8 36. Ra7 Qg5 (36... Kh8 $15) 37. Qe1 $1 $11 Qg6 38. Bh4 Rf7 39. Ra8 ({Better is} 39. Rxf7 $1 $11 Qxf7 40. fxg4 hxg4 41. Bg5) 39... Bh6 40. Be2 Rg7 41. Qa1 Bg5 $36 {[%mdl 2048] Black is on the roll.} 42. Bxg5 Qxg5 43. Ra7 Bd7 44. Qc1 {[#]} (44. Qe1 $17) 44... Kh6 (44... Qh4 $1 $19 {and Black stays clearly on top. aiming for ...g3.} 45. Qd2 Be6 46. Rxg7+ Kxg7) 45. Rb7 g3 {( -> ...gxh2+)} 46. h3 $2 {[%mdl 8192]} (46. Bf1 $17) 46... Qh4 {Precision: White = 40%, Black = 47%.} 0-1

[Event "16th Delhi GM Open 2018"]
[Site "Delhi"]
[Date "2018.01.16"]
[Round "10"]
[White "Abhishek, Kelkar"]
[Black "Amonatov, Farrukh"]
[Result "0-1"]
[WhiteElo "2378"]
[BlackElo "2636"]
[Annotator "TA"]
[PlyCount "100"]
[EventDate "2018.??.??"]
[EventType "swiss"]
[EventCountry "IND"]
[SourceTitle "playchess.com"]
[Source "ChessBase"]
[SourceQuality "1"]

{[%evp 13,100,37,52,38,51,38,43,44,47,45,45,37,59,71,53,27,41,17,50,38,72,61,78,77,79,96,83,83,84,69,71,68,80,41,38,43,35,0,0,0,0,0,0,0,0,-11,0,0,0,-12,0,0,0,-14,0,0,0,-68,-61,-69,-75,-65,-65,-150,-25,-18,-11,-17,-8,-116,-103,-121,-125,-115,-130,-125,-137,-206,-190,-475,-470,-1011,-655,-626,-631,-624,-618,-604,-597]} 1. d4 Nf6 2. c4 g6 3. Nc3 Bg7 4. e4 O-O 5. Nge2 c5 6. d5 d6 7. Ng3 h5 {LiveBook: 9 Games. E70: King's Indian: Miscellaneous lines with 4 e4, including 5 Nge2 and 5 Bd3 0-0 6 Nge2} (7... a6 8. a4 h5 9. Be2 e5 10. Bg5 Qe8 11. Qd2 Nbd7 12. O-O Nh7 13. Bh6 h4 14. Bxg7 Kxg7 15. Nh1 f5 16. exf5 gxf5 {0-1 (78) Ding,L (2774)-Carlsen,M (2837) Saint Louis 2017}) 8. Bd3 e6 9. Bg5 exd5 $146 {White is slightly better.} ({Predecessor:} 9... Qb6 10. Qc2 Na6 11. a3 Nh7 12. Be3 h4 13. Nge2 Qd8 14. O-O e5 15. f4 exf4 16. Nxf4 {0-1 (46) Nagarajan,P (1954)-Gaffagan,S (2062) San Francisco 2012}) 10. Nxd5 Be6 11. O-O Bxd5 12. exd5 Qb6 13. Rb1 Nbd7 {[%cal Bb8d7,Bd7e5,Be5g4][%mdl 32]} 14. Qd2 Nh7 15. Bh4 Rfe8 16. Bc2 Ne5 17. b3 $1 Qb4 18. Qxb4 cxb4 19. Ne4 Bf8 20. f4 $1 {[%cal Rf4e5]} Ng4 21. Rfe1 f5 22. h3 Nh6 $1 23. Nf6+ Nxf6 24. Bxf6 Kf7 25. Bd4 (25. Bh4 {feels hotter.} Ng8 26. Rxe8 Rxe8 27. Re1 Bg7 28. Rxe8 Bd4+ 29. Kf1) 25... Bg7 26. Bxg7 Kxg7 27. g3 Ng8 28. Kf2 Nf6 29. Kf3 Kf7 30. Ra1 Kg7 31. Rab1 Kf7 32. Ra1 Kg7 33. Rab1 Kf7 34. Ra1 a6 35. Kf2 ({Better is} 35. Bd3 $11) 35... b5 $15 36. Rxe8 Rxe8 {[%mdl 4096] Endgame KRB-KRN} 37. a3 bxc4 38. bxc4 {[#]} (38. axb4 $15 Nxd5 39. bxc4 Nxb4 40. Bb3) 38... a5 (38... b3 $1 $17 {[%cal Rb3c2][%mdl 512]} 39. Bxb3 Ne4+ 40. Kg2 Rb8) 39. axb4 $11 axb4 {[%cal Ba5b4,Bb4b3][%mdl 32]} 40. Ra6 $1 Rb8 {Threatens to win with ...b3.} 41. Ra7+ ({Wrong is} 41. Rxd6 $2 b3 $19) (41. Bb1 $11) 41... Kf8 $17 42. Ke3 b3 43. Bb1 b2 44. Ra3 {[#]} Ne4 $1 {[%mdl 512]} 45. Ke2 (45. g4 $17) (45. Bxe4 fxe4) 45... Rb4 $19 46. g4 $2 (46. Kd3) 46... Rxc4 {Black is clearly winning.} 47. gxf5 (47. Ra8+ $142 Ke7 48. Ra7+ Kd8 49. Rb7 Nc3+ 50. Kd3 Nxb1 51. gxf5 Rc3+ 52. Kd4 gxf5 53. Rxb2) 47... gxf5 {White must now prevent ...Nc3+.} 48. Rb3 {[#]} Nc3+ $1 49. Kd3 Nxb1 50. Rxb2 Na3 {Precision: White = 44%, Black = 67%.} 0-1